00502nam a22001457a 4500003000400000005001700004008004100021040001400062100002200076245009600098260000900194300003000203500009200233504003100325OSt20171010095524.0110816t xxu||||| |||| 00| 0 eng d aMMSUcULS aAcidera, Wilma B. aPagbuo at pagbalideyt ng aklat-sanayan sa Filipino II sa antas sekundaryacWilma B. Acedera c1999 axvii, 182 leavesc28 cm.  aThesis (M.A.Ed-Filipino) -- Mariano Marcos State University-Graduate School, Laoag City aBibliography: leaves 62-64